Loading...
| Current Events | 1 | 20.00 | 100% | 100% | 0% |
| Fine Arts - Classical Music | 3 | 6.67 | 67% | 0% | 0% |
| Fine Arts - Other | 3 | 10.00 | 100% | 0% | 0% |
| Fine Arts - Painting and Sculpture | 5 | 14.00 | 100% | 40% | 0% |
| Geography | 2 | 30.00 | 100% | 100% | 100% |
| History - American | 7 | 14.29 | 100% | 29% | 14% |
| History - European | 3 | 16.67 | 100% | 33% | 33% |
| History - Other | 2 | 10.00 | 50% | 50% | 0% |
| History - World | 5 | 20.00 | 100% | 80% | 20% |
| Literature - American | 4 | 15.00 | 100% | 50% | 0% |
| Literature - British | 1 | 10.00 | 100% | 0% | 0% |
| Literature - European | 6 | 16.67 | 100% | 67% | 0% |
| Literature - World | 1 | 10.00 | 100% | 0% | 0% |
| Mythology | 3 | 23.33 | 100% | 67% | 67% |
| Other Academic | 1 | 10.00 | 100% | 0% | 0% |
| Philosophy | 4 | 12.50 | 75% | 50% | 0% |
| Pop Culture | 1 | 20.00 | 100% | 0% | 100% |
| Religion | 7 | 11.43 | 71% | 43% | 0% |
| Science - Biology | 4 | 10.00 | 100% | 0% | 0% |
| Science - Chemistry | 5 | 16.00 | 80% | 80% | 0% |
| Science - Other | 4 | 20.00 | 100% | 75% | 25% |
| Science - Physics | 5 | 16.00 | 100% | 60% | 0% |
| Social Science | 4 | 10.00 | 100% | 0% | 0% |